00609nam a2200145 i 450000100060000000300090000600500170001500700030003200800410003511000690007624502220014526000490036730000210041685200260043727086ES-MaACL20230906153545.0t|030113s1913 sp ||||1| spa d1 aMadrid. bAyuntamiento. bComisión de Instrucción Pública.10aMemoria descriptiva de los principales asuntos que fueron objeto de estudio de la Comisión de Instrucción Pública durante el año 1912, aprobado en sesión de 16 de noviembre / cpor el Ayuntamiento de Madrid. aMadrid : b[s.n., c1913] (fImp. Municipal) a50 p. ; c23 cm. aES-MaACLjFol-Laf-344